ISBD(CP). Pravidlá aplikácie ISBD na popis článkov /

Salvato in:
Dettagli Bibliografici
Altri autori: Katuščák, Dušan (Compilatore), Vavrová, Martina (Compilatore)
Natura: Libro
Lingua:slovacco
Pubblicazione: Martin : Matica slovenská, 1995
Soggetti:
Tags: Aggiungi Tag
Nessun Tag, puoi essere il primo ad aggiungerne!!

MARC

LEADER 00000nam a22000003a 4500
001 stu89368
005 20150617225627.0
008 040729s1995------------------------slo-d
020 |a 80-7090-310-4 
040 |a STU  |b slo 
041 0 |a slo 
080 |a 025.3  |7 stu_us_auth*stu9964 
100 1 |a Katuščák, Dušan  |4 com 
245 1 |a ISBD(CP). Pravidlá aplikácie ISBD na popis článkov /  |c Prekl. a red.: Katuščák, D. a Vavrová, M. 
260 |a Martin :  |b Matica slovenská,  |c 1995 
300 |a 53 s 
650 7 |a Popis bibliografický  |2 stusub 
700 1 |a Vavrová, Martina  |4 com 
996 |b 284EB00398  |c E*Zs-802  |l EE01  |s P  |a 0  |w stu89368_0001